Top 15 des pays avec les décès de Covid-19 - 2 mar 2021 - Statistiques

Statistiques générales
  • Ce quiz a été pris 47 fois
  • Le résultat moyen est 13 sur 24
Statistiques - réponses
pays % Correct
Etats-Unis
100%
France
98%
Espagne
88%
Allemagne
86%
Brésil
86%
Italie
86%
Mexique
86%
Russie
83%
Royaume-Uni
81%
Inde
79%
Argentine
71%
Portugal
67%
Belgique
52%
Pérou
50%
Colombie
40%
Iran
40%
Afrique du Sud
31%
Hongrie
24%
Tchéquie
19%
Bulgarie
14%
Croatie
14%
Slovénie
14%
Macédoine du Nord
10%
Bosnie-Herzégovine
5%
Aucun quiz correspondant
Distribution des résultats
% des personnes avec chaque résultat
Percentile par nombre de réponses
Votre historique - résultats
Vous n’avez pas pris ce quiz